LEADER 01094nam0-2200361li-450 001 990000251260203316 005 20180312154644.0 010 $a0-85274-423-4 035 $a0025126 035 $aUSA010025126 035 $a(ALEPH)000025126USA01 035 $a0025126 100 $a2001994021987-------y0itay0103----ba 101 0 $aeng 102 $aGB 200 1 $a<> evolution of relativity$fChristopher Ray 210 $aBristol [etc.]$cAdam Hilger$dcopyr. 1987 215 $aX, 211 p.$cill.$d24 cm 610 1 $arelativita'$ateoria 676 $a53011$9Teoria della relativita' 700 1$aRay,$bChristopher$0162102 801 $aSistema bibliotecario di Ateneo dell' Università di Salerno$gRICA 912 $a990000251260203316 951 $a530.11 RAY$b15756/CBS$c530.11$d00219333 959 $aBK 969 $aSCI 979 $c19940216 979 $c20001110$lUSA01$h1715 979 $c20020403$lUSA01$h1633 979 $aPATRY$b90$c20040406$lUSA01$h1618 979 $aRSIAV7$b90$c20090713$lUSA01$h1131 996 $aEvolution of relativity$91476151 997 $aUNISA LEADER 01060nam a2200241 a 4500 001 991001719169707536 008 030716s1996 it 001 0 ita 035 $ab12187318-39ule_inst 040 $aDip.to di Scienze Storiche Filosofiche e Geografiche$bita 082 04$a945.2805 100 1 $aLazzarini, Isabella$0258977 245 10$aFra un principe e altri stati :$brelazioni di potere e forme di servizio a Mantova nell'età di Ludovico Gonzaga /$cIsabella Lazzarini 260 $aRoma :$bnella sede dell'Istituto,$c1996 300 $axvi, 523 p. :$bill. ;$c26 cm. 440 0$aNuovi studi storici / Istituto storico italiano per il Medioevo ;$v32 650 $aGonzaga$c$ySec. 15. 651 0$aMantova $ySec. 15. 907 $a.b12187318$b02-04-14$c16-07-03 912 $a991001719169707536 945 $aLE009 MSM V COLL. 45A/32$g1$i2009000097971$lle009$o-$pE0.00$q-$rn$so $t0$u3$v1$w3$x0$y.i12550760$z21-07-03 996 $aFra un principe e altri stati$9145995 997 $aUNISALENTO 998 $ale009$b16-07-03$cm$da $e-$fita$git $h0$i1 LEADER 02493oam 2200697 450 001 9910712805203321 005 20200608080549.0 035 $a(CKB)5470000002498135 035 $a(OCoLC)681203901$z(OCoLC)624841430$z(OCoLC)1153329207 035 $a(EXLCZ)995470000002498135 100 $a20101113d1981 ua 0 101 0 $aeng 135 $aurbn||||||||| 181 $ctxt$2rdacontent 182 $cc$2rdamedia 183 $acr$2rdacarrier 200 00$aFlow routing in the Susquehanna River Basin$hPart IV$iRouting reservoir releases in the eastern Susquehanna River Basin in New York State /$fby Thomas J. Zembrzuski 210 1$aAlbany, New York :$cU.S. Geological Survey,$d1981. 215 $a1 online resource (vi, 31 pages) $cillustrations, maps 225 1 $aWater-resources investigation ;$v80-117 300 $a"Prepared in cooperation with Susquehanna River Basin Commission." 320 $aIncludes bibliographical references (page 31). 517 3 $aRouting reservoir releases in the Eastern Susquehanna River Basin in New York State 606 $aReservoirs$zNew York (State) 606 $aReservoirs$zSusquehanna River Watershed 606 $aStream measurements$zSusquehanna River Watershed 606 $aStream measurements$zNew York (State)$xMathematical models 606 $aStreamflow$zSusquehanna River Watershed 606 $aReservoirs$2fast 606 $aStream measurements$2fast 606 $aStream measurements$xMathematical models$2fast 606 $aStreamflow$2fast 607 $aSusquehanna River Watershed 607 $aNew York (State)$2fast 607 $aUnited States$zSusquehanna River Watershed$2fast 615 0$aReservoirs 615 0$aReservoirs 615 0$aStream measurements 615 0$aStream measurements$xMathematical models. 615 0$aStreamflow 615 7$aReservoirs. 615 7$aStream measurements. 615 7$aStream measurements$xMathematical models. 615 7$aStreamflow. 700 $aZembrzuski$b Thomas J.$01408848 712 02$aGeological Survey (U.S.), 712 02$aSusquehanna River Basin Commission. 801 0$bOCLCE 801 1$bOCLCE 801 2$bOCLCQ 801 2$bOCLCF 801 2$bOCLCO 801 2$bOCLCQ 801 2$bOCLCA 801 2$bGPO 801 2$bOCLCO 801 2$bGPO 906 $aBOOK 912 $a9910712805203321 996 $aFlow routing in the Susquehanna River Basin$93512426 997 $aUNINA